[Event "3rd Ordu Open 2017"]
[Site "Ordu TUR"]
[Date "2017.04.08"]
[Round "7.7"]
[White "Karaokcu,Erkin"]
[Black "Jojua,D"]
[Result "0-1"]
[WhiteElo "2173"]
[BlackElo "2587"]

1.d4 g6 2.e4 Bg7 3.Nc3 d6 4.h3 a6 5.a4 b6 6.g4 h5 7.g5 e6 8.Bg2 Ne7 9.Nge2 Bb7
10.Be3 d5 11.f3 O-O 12.a5 bxa5 13.O-O Nd7 14.Na4 Bc6 15.b3 Nb6 16.Nc5 a4
17.Nxa4 Bxa4 18.bxa4 Qd7 19.Qd3 Nxa4 20.Rfb1 Rfd8 21.Rb4 Nb6 22.Rxa6 Rxa6
23.Qxa6 dxe4 24.fxe4 Nc6 25.Rxb6 cxb6 26.c3 b5 27.e5 Ne7 28.Qb7 Nd5 29.Qxd7
Rxd7 30.Kf2 Bf8 31.Bxd5 Rxd5 32.Nf4 Rd8 33.Ke2 Be7 34.h4 Kf8 35.Kd3 Ra8 36.d5
exd5 37.Nxd5 Ra2 38.Bd2 Ra1 39.Nc7 Rb1 40.Be3 Rb2 41.Bf4 b4 42.cxb4 Rxb4
43.Ke3 Rb3+ 44.Kf2 Bc5+ 45.Kg2 Ke7 46.Nd5+ Ke6 47.Nf6 Bd4 48.Ne4 Kf5 49.Nd2
{#R} 0-1

[Event "3rd Ordu Open 2017"]
[Site "Ordu TUR"]
[Date "2017.04.08"]
[Round "7.10"]
[White "Draskovic,L"]
[Black "Frhat,A"]
[Result "0-1"]
[WhiteElo "2467"]
[BlackElo "2414"]

1.e4 c5 2.Nf3 Nc6 3.Bb5 d6 4.O-O Bd7 5.Re1 Nf6 6.c3 a6 7.Bf1 Bg4 8.h3 Bxf3
9.Qxf3 g6 10.Qd1 e5 11.a3 Bg7 12.b4 O-O 13.bxc5 d5 14.exd5 Qxd5 15.d3 Nd7
16.Nd2 Nxc5 17.Ne4 Ne6 18.Rb1 b5 19.a4 Rab8 20.axb5 axb5 21.Ba3 Rfd8 22.Qb3
Qxb3 23.Rxb3 b4 24.Bxb4 Bf8 25.Reb1 Bxb4 26.cxb4 Ncd4 27.R3b2 Kg7 28.Nd2 Nc7
29.Nc4 f6 30.g3 h5 31.h4 Ndb5 32.Ra1 Kh6 33.Ra5 Nd5 34.Ra6 Ra8 35.Rxa8 Rxa8
36.Bg2 Ra1+ 37.Kh2 Ne7 38.Na5 g5 39.hxg5+ Kxg5 40.Nc6 Nf5 41.Be4 Nh6 42.Rc2 h4
43.gxh4+ Kxh4 44.Kg2 Re1 45.Ne7 Nd4 46.Bf3 Nxc2 {#R} 0-1

[Event "3rd Ordu Open 2017"]
[Site "Ordu TUR"]
[Date "2017.04.08"]
[Round "8.1"]
[White "Haznedaroglu,K"]
[Black "Nabaty,T"]
[Result "0-1"]
[WhiteElo "2496"]
[BlackElo "2636"]

1.c4 e6 2.Nf3 d5 3.g3 dxc4 4.Bg2 a6 5.a4 Nc6 6.Na3 e5 7.Qc2 Be6 8.Nxc4 Nb4
9.Qc3 e4 10.Nh4 Nf6 11.Ne3 Nc6 12.a5 Bb4 13.Qc2 O-O 14.Bxe4 Nd4 15.Qd3 Nb3
16.Ra4 Bd6 17.Qb1 Qd7 18.Rc4 Bxc4 19.Nxc4 Nxe4 20.Qxe4 Nxc1 21.Nf5 g6 22.Nh6+
Kg7 23.Qd4+ {#R} 0-1

[Event "3rd Ordu Open 2017"]
[Site "Ordu TUR"]
[Date "2017.04.08"]
[Round "8.7"]
[White "Kjartansson,G"]
[Black "Maghalashvili,Da"]
[Result "0-1"]
[WhiteElo "2468"]
[BlackElo "2469"]

1.c4 c5 2.Nc3 g6 3.Nf3 Bg7 4.g3 Nc6 5.Bg2 e5 6.O-O Nge7 7.a3 a5 8.d3 O-O 9.Ne1
d6 10.Nc2 Be6 11.Ne3 Rb8 12.Rb1 Qd7 13.Re1 Bh3 14.Bh1 f5 15.Ned5 f4 16.Nxe7+
Qxe7 17.Nd5 Qf7 18.gxf4 g5 19.Bg2 Bxg2 20.Kxg2 gxf4 21.Kh1 Kh8 22.Bd2 Qh5
23.e4 f3 24.Rg1 Nd4 25.Rg5 Qh4 26.Qg1 Bh6 27.Rg4 Qh5 28.Bxh6 Qxh6 29.Qg3 Ne2
30.Qh4 Qxh4 31.Rxh4 b5 32.Rh6 bxc4 33.dxc4 Rg8 34.Rxd6 Rxb2 35.Rf1 Rgb8 36.Ne3
Rb1 37.Rxb1 Rxb1+ 38.Rd1 Rb2 39.Rd7 Nc3 40.h4 Nxe4 41.Nf5 Nxf2+ 42.Kh2 Ne4+
43.Kh3 h5 44.Rf7 Rg2 45.Rf8+ Kh7 {#R} 0-1

[Event "3rd Ordu Open 2017"]
[Site "Ordu TUR"]
[Date "2017.04.08"]
[Round "8.8"]
[White "Bivol,A"]
[Black "Miron,L"]
[Result "0-1"]
[WhiteElo "2383"]
[BlackElo "2504"]

1.Nf3 d5 2.g3 c5 3.Bg2 Nc6 4.c4 d4 5.d3 e5 6.O-O Bd6 7.e3 Nf6 8.exd4 exd4
9.Re1+ Kf8 10.Na3 h6 11.Nc2 a5 12.b3 g5 13.a3 Bg4 14.Bb2 Qd7 15.b4 Kg7 16.Qd2
Bxf3 17.Bxf3 b6 18.b5 Ne5 19.Rxe5 Bxe5 20.Bxa8 Rxa8 21.Rf1 Re8 22.Ne1 Bb8
23.Ng2 Qh3 24.f3 Nh5 25.f4 gxf4 26.Nh4 Kg8 27.Re1 Re3 28.Rxe3 fxe3 29.Qe2 Bxg3
30.hxg3 Nxg3 {#R} 0-1

[Event "3rd Ordu Open 2017"]
[Site "Ordu TUR"]
[Date "2017.04.08"]
[Round "8.10"]
[White "Radovanovic,Nik"]
[Black "Eminov,O"]
[Result "1-0"]
[WhiteElo "2416"]
[BlackElo "2229"]

1.d4 Nf6 2.c4 e6 3.Nc3 Bb4 4.g3 d5 5.Bg2 O-O 6.Nf3 c5 7.cxd5 cxd4 8.Nxd4 Nxd5
9.Qb3 Qb6 10.Bxd5 exd5 11.Be3 Bxc3+ 12.Qxc3 Qg6 13.O-O Bh3 14.Rfd1 Nd7 15.Qb3
Nf6 16.f3 Rfe8 17.Rac1 Re7 18.Rc3 Rae8 19.Rdc1 h5 20.Kf2 h4 21.Rg1 Qh5 22.Qc2
Qe5 23.Qd2 a6 24.Re1 Bd7 25.Bg5 hxg3+ 26.hxg3 Bb5 27.Bf4 Qh5 28.Kg2 Qg6 29.Qc2
Qxc2 30.Rxc2 Bd3 31.Rd2 Bg6 32.Bg5 Rc7 33.Bxf6 gxf6 34.Kf2 Kg7 35.Rdd1 Rec8
36.Ke3 Rc4 37.b3 Re8+ 38.Kf2 Rc7 39.Rc1 Rce7 40.Rc5 Rd7 41.Rec1 Ree7 42.g4 Bh7
43.Kg3 Bg6 44.Kf4 Bh7 45.Rc8 Bg6 46.Rg1 Rc7 47.Nf5+ Bxf5 48.gxf5+ Kh7 49.Rh1+
Kg7 50.Rch8 {#r} 1-0

[Event "8th WLC Weekender 2017"]
[Site "Eindhoven NED"]
[Date "2017.04.08"]
[Round "2.1"]
[White "Goossens,H"]
[Black "Dgebuadze,A"]
[Result "0-1"]
[WhiteElo "2138"]
[BlackElo "2520"]

1.e4 e6 2.d4 d5 3.Nc3 Bb4 4.e5 c5 5.a3 Bxc3+ 6.bxc3 Nc6 7.Qg4 g6 8.Nf3 Qa5
9.Bd2 Qa4 10.Rc1 c4 11.Be2 Bd7 12.O-O h6 13.Rb1 O-O-O 14.Rb2 Rf8 15.Rfb1 b6
16.Qf4 g5 17.Qe3 Nge7 18.g4 f5 19.exf6 Rxf6 20.Ne5 Rhf8 21.Rf1 Be8 22.h4 gxh4
23.Ra2 Ng6 24.Nxg6 Bxg6 25.Qxh6 Bxc2 26.Qxh4 Qb3 27.Raa1 R6f7 28.Qh6 Kd7
29.Rae1 Qxa3 30.g5 Rh7 31.g6 Rxh6 32.Bxh6 Rf6 33.Bh5 Bxg6 {#R} 0-1

[Event "8th WLC Weekender 2017"]
[Site "Eindhoven NED"]
[Date "2017.04.08"]
[Round "2.2"]
[White "Van Dooren,D"]
[Black "Coenen,E"]
[Result "1-0"]
[WhiteElo "2338"]
[BlackElo "2112"]

1.e4 g6 2.d4 Bg7 3.Nc3 d6 4.Be3 a6 5.Qd2 Nd7 6.O-O-O b5 7.h4 h5 8.Nh3 Bb7
9.Ng5 Rc8 10.f3 e6 11.d5 exd5 12.Nxd5 Ngf6 13.Nxf6+ Nxf6 14.c4 O-O 15.cxb5
axb5 16.Bxb5 Qe7 17.Bc4 d5 18.exd5 Bxd5 19.Bxd5 Nxd5 20.Bd4 Bxd4 21.Qxd4 c6
22.Rhe1 Qd6 23.Ne4 Qf4+ 24.Kb1 Qxh4 25.g4 f5 26.gxf5 Rxf5 27.Rg1 Ne7 28.Qd6
Rcf8 29.Rxg6+ Nxg6 30.Qxg6+ Kh8 31.Qh6+ Kg8 32.Rg1+ Kf7 33.Rg7+ {#r} 1-0

[Event "8th WLC Weekender 2017"]
[Site "Eindhoven NED"]
[Date "2017.04.08"]
[Round "2.3"]
[White "Barbe,T"]
[Black "Brink,B"]
[Result "0-1"]
[WhiteElo "2066"]
[BlackElo "2347"]

1.d4 Nf6 2.c4 e6 3.Nc3 Bb4 4.e3 O-O 5.Ne2 c6 6.a3 Ba5 7.b4 Bc7 8.Ng3 d5 9.Bb2
Nbd7 10.Be2 dxc4 11.Bxc4 e5 12.Nce4 exd4 13.Bxd4 Nxe4 14.Nxe4 Qh4 15.Nc5 Nxc5
16.bxc5 Ba5+ 17.Kf1 Bf5 18.Qb3 b5 19.Be2 Be4 20.Bf3 Rfe8 21.Rd1 Rad8 22.Qb2
Rd5 23.Ke2 Rf5 24.Rhg1 Bd5 25.Kd3 Bc4+ 26.Kc2 Qxf2+ 27.Kb1 Qxb2+ 28.Kxb2 Bd5
29.Rgf1 Bxf3 30.Rxf3 Rxf3 31.gxf3 Bc7 32.Rg1 Be5 33.Rd1 Rd8 34.f4 Bxd4+
35.Rxd4 Rxd4 36.exd4 Kf8 37.Kc3 a5 38.d5 cxd5 39.Kd4 b4 40.axb4 axb4 41.Kxd5
b3 42.Kd6 b2 43.c6 b1=Q {#R} 0-1

[Event "8th WLC Weekender 2017"]
[Site "Eindhoven NED"]
[Date "2017.04.08"]
[Round "2.4"]
[White "Lenaerts,L"]
[Black "Roebers,J"]
[Result "1-0"]
[WhiteElo "2261"]
[BlackElo "2089"]

1.d4 e6 2.c4 Nf6 3.Nc3 c5 4.d5 exd5 5.cxd5 d6 6.Nf3 g6 7.Bf4 Bg7 8.Qa4+ Kf8
9.e4 Nh5 10.Be3 a6 11.Nd2 Bd7 12.Qc2 b5 13.a4 b4 14.Nd1 a5 15.Nc4 Ra6 16.f4
Kg8 17.Nf2 Nf6 18.h3 Nh5 19.Rg1 Ng3 20.Bd3 Qe8 21.Nh1 Nxh1 22.Rxh1 h5 23.Kf2
h4 24.Rhf1 Rh5 25.Kg1 Qe7 26.Rae1 Ra7 27.e5 dxe5 28.d6 Qe8 29.Bxc5 Ra8 30.Nb6
Nc6 31.fxe5 Rb8 32.Bc4 Nxe5 33.Rxe5 Qxe5 34.Nxd7 Qg3 35.Rxf7 Kh8 36.Bf2 b3
37.Qd2 {#r} 1-0

[Event "8th WLC Weekender 2017"]
[Site "Eindhoven NED"]
[Date "2017.04.08"]
[Round "2.5"]
[White "Van Meegen,R"]
[Black "Plasmans,Bart"]
[Result "1-0"]
[WhiteElo "2224"]
[BlackElo "1938"]

1.d4 Nf6 2.c4 e6 3.Nf3 d5 4.Nc3 Be7 5.cxd5 exd5 6.Bg5 c6 7.e3 Nbd7 8.Bd3 Nf8
9.Qc2 Ne6 10.Bh4 h6 11.O-O-O Bd6 12.Bg3 Qc7 13.Ne5 Bd7 14.f4 c5 15.Nxd7 Kxd7
16.Nb5 Qa5 17.Nxd6 cxd4 18.f5 Nd8 19.Kb1 a6 20.Rc1 dxe3 21.Nxb7 Nxb7 22.Qc6+
Ke7 23.Qxb7+ Nd7 24.Rc7 Rhd8 25.Be1 Qa4 26.Bb4+ Ke8 27.Re1 {#r} 1-0

[Event "8th WLC Weekender 2017"]
[Site "Eindhoven NED"]
[Date "2017.04.08"]
[Round "2.6"]
[White "Kuipers,S"]
[Black "Smit,M"]
[Result "1-0"]
[WhiteElo "2391"]
[BlackElo "2036"]

1.e4 c6 2.Nc3 d5 3.Nf3 Bg4 4.h3 Bh5 5.exd5 cxd5 6.g4 Bg6 7.d4 Nc6 8.Bb5 e6
9.Ne5 Rc8 10.h4 f6 11.h5 Bxc2 12.Qxc2 fxe5 13.dxe5 d4 14.Qb3 dxc3 15.Qxe6+ Be7
16.h6 cxb2 17.hxg7 bxa1=Q 18.O-O Qd7 19.Qxd7+ Kxd7 20.gxh8=Q Nf6 21.e6+ Kc7
22.Bf4+ Bd6 23.Qg7+ {#r} 1-0

[Event "8th WLC Weekender 2017"]
[Site "Eindhoven NED"]
[Date "2017.04.08"]
[Round "3.2"]
[White "Brink,B"]
[Black "Van Dooren,D"]
[Result "1-0"]
[WhiteElo "2347"]
[BlackElo "2338"]

1.d4 f5 2.Nc3 Nf6 3.Bg5 d5 4.e3 e6 5.Nf3 c5 6.dxc5 Bxc5 7.Be2 Nc6 8.O-O O-O
9.Na4 Bd6 10.c4 dxc4 11.Bxc4 Na5 12.Be2 e5 13.Bxf6 gxf6 14.Qd5+ Kg7 15.Rfd1
Bc7 16.Qc5 Bd7 17.Nh4 b6 18.Qc2 Qc8 19.Ba6 Bxa4 20.Qxa4 Qxa6 21.Nxf5+ Kh8
22.Qd7 Rg8 23.Qe7 Rxg2+ 24.Kxg2 Rg8+ 25.Kh3 {#r} 1-0

[Event "8th WLC Weekender 2017"]
[Site "Eindhoven NED"]
[Date "2017.04.08"]
[Round "3.3"]
[White "Bomans,A"]
[Black "Van Meegen,R"]
[Result "1-0"]
[WhiteElo "2286"]
[BlackElo "2224"]

1.e4 c5 2.Nf3 g6 3.d4 cxd4 4.Qxd4 Nf6 5.c4 Nc6 6.Qd3 Bg7 7.Nc3 d6 8.Be2 O-O
9.O-O Nd7 10.Bg5 Nc5 11.Qe3 Ne6 12.Bh6 Ned4 13.Bxg7 Nxf3+ 14.Bxf3 Kxg7 15.Rad1
Qc7 16.Be2 Be6 17.f4 Qb6 18.Qxb6 axb6 19.f5 Bd7 20.a3 f6 21.Nd5 Ra6 22.Rf3 Ne5
23.Rg3 Kf7 24.Rh3 Rh8 25.Rf1 Bc6 26.fxg6+ Nxg6 27.c5 bxc5 28.Bxa6 bxa6 29.Rb3
Bb5 30.Rf2 Ne5 31.a4 Bxa4 32.Rb7 Ng6 33.Rxf6+ Kg7 34.Rxd6 Ne5 {#r} 1-0

[Event "8th WLC Weekender 2017"]
[Site "Eindhoven NED"]
[Date "2017.04.08"]
[Round "4.3"]
[White "Hummel,Pau"]
[Black "Bomans,A"]
[Result "0-1"]
[WhiteElo "2066"]
[BlackElo "2286"]

1.Nf3 f5 2.d4 Nf6 3.g3 g6 4.Bg2 Bg7 5.O-O O-O 6.c4 d6 7.Nc3 Qe8 8.d5 a5 9.Nd4
Na6 10.b3 Nc5 11.Bb2 Bd7 12.a3 c6 13.b4 Nce4 14.Nxe4 Nxe4 15.f3 Nf6 16.e4 fxe4
17.fxe4 Ng4 18.Qe2 axb4 19.axb4 Rxa1 20.Bxa1 Rxf1+ 21.Bxf1 Qa8 22.Bc3 Qa7
23.Qd2 Bh6 24.Qb2 Be3+ 25.Kg2 Nf2 26.Kf3 Bg4+ 27.Kg2 Bh3+ 28.Kf3 Bxf1 29.dxc6
bxc6 30.Nxc6 Qd7 31.Qa1 Qg4+ 32.Kxe3 Qe2+ 33.Kd4 {#R} 0-1

[Event "8th WLC Weekender 2017"]
[Site "Eindhoven NED"]
[Date "2017.04.08"]
[Round "4.4"]
[White "Kuipers,S"]
[Black "Habibi,Hamoen"]
[Result "1-0"]
[WhiteElo "2391"]
[BlackElo "1964"]

1.e4 e6 2.d4 d5 3.Nc3 Nf6 4.e5 Nfd7 5.f4 c5 6.Nf3 Nc6 7.Be3 Qb6 8.Na4 Qa5+
9.c3 cxd4 10.b4 Nxb4 11.cxb4 Bxb4+ 12.Bd2 Bxd2+ 13.Nxd2 O-O 14.Bd3 b5 15.Nb2
Nb6 16.O-O Nc4 17.Bxh7+ Kxh7 18.Qh5+ Kg8 19.Nf3 g6 20.Qh6 Qc7 21.Nd3 f6
22.Qxg6+ Qg7 23.Qxg7+ Kxg7 24.exf6+ Kxf6 25.Nxd4 Rb8 26.Rfe1 a5 27.g4 a4
28.Re2 b4 29.Rb1 Kg7 30.h3 Rf7 31.Kg2 Nd6 32.Nxe6+ Bxe6 33.Rxe6 Ne4 34.Rxb4
Rc8 35.Rb2 a3 36.Re2 Rc3 37.Nb4 Nf6 38.Rxf6 Rxf6 39.Nxd5 Rc1 40.Nxf6 Kxf6
41.h4 Rb1 {#r} 1-0

[Event "8th WLC Weekender 2017"]
[Site "Eindhoven NED"]
[Date "2017.04.08"]
[Round "4.5"]
[White "Van Dooren,D"]
[Black "Roebers,J"]
[Result "1-0"]
[WhiteElo "2338"]
[BlackElo "2089"]

1.e4 e6 2.d3 d5 3.Nd2 c5 4.Ngf3 Nc6 5.g3 g6 6.Bg2 Bg7 7.O-O Nge7 8.Re1 O-O
9.c3 d4 10.cxd4 Nxd4 11.Nxd4 Qxd4 12.Nb3 Qd6 13.Be3 Bxb2 14.Bxc5 Qd7 15.Rb1
Bg7 16.e5 Rd8 17.Bd6 Nd5 18.Nc5 Qc6 19.Rc1 Qb5 20.a4 Qa5 21.Bxd5 exd5 22.Qf3
b6 23.Bc7 Re8 24.Qxd5 Bf5 25.Qc6 Bf8 26.Ne4 Be7 27.d4 Be6 28.Qb5 Rec8 29.Qxa5
bxa5 30.Bxa5 Ba3 31.Rxc8+ Rxc8 32.d5 Bh3 33.d6 Kf8 {#r} 1-0

[Event "8th WLC Weekender 2017"]
[Site "Eindhoven NED"]
[Date "2017.04.08"]
[Round "4.6"]
[White "Van Meegen,R"]
[Black "Smit,M"]
[Result "1-0"]
[WhiteElo "2224"]
[BlackElo "2036"]

1.d4 c6 2.c4 d5 3.cxd5 cxd5 4.Nc3 Nc6 5.Bf4 a6 6.e3 Nf6 7.Bd3 e6 8.Rc1 Bd6
9.Bxd6 Qxd6 10.f4 h6 11.Nf3 g5 12.Ne5 gxf4 13.exf4 Nxd4 14.Bg6 fxg6 15.Qxd4
Rg8 16.Na4 Nd7 17.O-O b5 18.Nc5 Nxc5 19.Rxc5 Bb7 20.Rfc1 Rg7 21.Nc6 Kf8
22.Qf6+ Kg8 23.Nd4 Re8 24.R5c3 Qe7 25.Qe5 Rf7 26.Rc7 Qb4 27.Rxf7 Kxf7 28.a3
Qd2 29.Rc7+ Re7 30.Qxe6+ {#r} 1-0

[Event "ch-GER Women 2017"]
[Site "Bad Wiessee GER"]
[Date "2017.04.08"]
[Round "9.2"]
[White "Schneider,Jana"]
[Black "Jussupow,N"]
[Result "1-0"]
[WhiteElo "2208"]
[BlackElo "2161"]

1.e4 e6 2.d4 d5 3.Nd2 Nf6 4.e5 Nfd7 5.c3 c5 6.Bd3 Nc6 7.Ne2 cxd4 8.cxd4 f6
9.exf6 Nxf6 10.Nf3 Bd6 11.O-O Qc7 12.Bg5 O-O 13.Nc3 a6 14.Bh4 Nh5 15.Bc2 g6
16.a3 Qg7 17.Na4 Bd7 18.Nb6 Rae8 19.Qd3 Rxf3 20.gxf3 Nf4 21.Qe3 g5 22.Bg3 Nxd4
23.Bd3 Bc5 24.Kh1 Nb3 25.Bxh7+ Qxh7 26.Qxb3 Bb5 27.Bxf4 Bxf1 28.Rxf1 gxf4
29.Nxd5 Qf7 30.Rg1+ Kf8 31.Qc4 Bxf2 32.Qb4+ Re7 33.Nxe7 Bxg1 34.Nf5+ {#r} 1-0

[Event "ch-GER Women 2017"]
[Site "Bad Wiessee GER"]
[Date "2017.04.08"]
[Round "9.4"]
[White "Osmanodja,F"]
[Black "Straub,N"]
[Result "1-0"]
[WhiteElo "2368"]
[BlackElo "2188"]

1.e4 g6 2.d4 Bg7 3.Nc3 c6 4.Nf3 d6 5.Be3 Nd7 6.Qd2 b5 7.O-O-O Nb6 8.e5 d5 9.b3
b4 10.Ne2 a5 11.Ne1 e6 12.Nd3 Nd7 13.g4 Ba6 14.f4 Ne7 15.Ng3 Bxd3 16.Bxd3 c5
17.dxc5 Nc6 18.Bb5 Rc8 19.h4 Qe7 20.Qf2 Bf8 21.h5 Nxc5 22.hxg6 fxg6 23.f5 gxf5
24.gxf5 exf5 25.Qxf5 Qe6 26.Bxc5 Qxf5 27.Nxf5 Bxc5 28.Rxd5 Be7 29.Nd6+ {#r}
1-0

[Event "ch-GER Women 2017"]
[Site "Bad Wiessee GER"]
[Date "2017.04.08"]
[Round "9.7"]
[White "Kluge,He"]
[Black "Mao,Yvonne"]
[Result "0-1"]
[WhiteElo "1940"]
[BlackElo "1762"]

1.d4 d5 2.Bf4 Nf6 3.e3 e6 4.Bd3 c5 5.c3 Nc6 6.Nd2 Bd6 7.Bg3 O-O 8.f4 Qc7 9.Rc1
Qb6 10.Bh4 Be7 11.g4 cxd4 12.exd4 e5 13.Bxf6 Bxf6 14.g5 Bd8 15.Bxh7+ Kxh7
16.Qh5+ Kg8 17.fxe5 Ne7 18.Ne2 Qg6 19.Nf4 Qxh5 20.Nxh5 Ng6 21.h4 Bg4 22.Ng3
Nf4 23.Rc2 Nd3+ 24.Kf1 Bd1 25.Ne2 Bxc2 26.b3 Rc8 27.Rh3 Ba5 28.b4 Nxb4 29.cxb4
Bxb4 30.Nb3 Bxb3 31.Rxb3 Ba5 32.Rxb7 Bb6 33.Nf4 Bxd4 34.Nxd5 Rb8 35.Ne7+ Kh8
36.g6 {#R} 0-1

[Event "ch-GER Women 2017"]
[Site "Bad Wiessee GER"]
[Date "2017.04.08"]
[Round "9.8"]
[White "Hielscher,U"]
[Black "Arnhold,Steffi"]
[Result "1-0"]
[WhiteElo "1796"]
[BlackElo "1591"]

1.d4 Nf6 2.c4 c5 3.d5 b5 4.e4 d6 5.cxb5 a6 6.Nc3 axb5 7.Bxb5+ Bd7 8.Bxd7+
Nbxd7 9.Nf3 g6 10.O-O Bg7 11.Re1 Ng4 12.Bf4 O-O 13.h3 Nge5 14.Nxe5 Nxe5 15.Qe2
Qb6 16.Bg5 f6 17.Be3 Qb4 18.Rab1 Rfb8 19.a3 Qb3 20.Qd1 Nc4 21.Qxb3 Rxb3
22.Rec1 Rxb2 23.Rxb2 Nxb2 24.Rb1 Nc4 25.Nb5 Ra5 26.Bc1 f5 27.exf5 gxf5 28.Rb3
Kf7 29.Nc7 Be5 30.Kf1 Kg6 31.Ne6 Ra4 32.Ke2 Bf6 33.Rg3+ Kf7 34.Rf3 Kg6 35.Nf8+
Kg7 36.Nd7 Bd4 37.Rxf5 Nxa3 38.Nf8 Bf6 39.Ne6+ Kg6 40.g4 Nb5 41.Be3 Nd4+
42.Bxd4 Bxd4 43.h4 Bc3 44.h5+ Kh6 45.Kf3 Ra8 46.g5+ Kxh5 47.Nf4+ Kh4 48.g6
{#r} 1-0

[Event "ch-GER Women 2017"]
[Site "Bad Wiessee GER"]
[Date "2017.04.08"]
[Round "9.9"]
[White "Morosova,Svetlana"]
[Black "Just,A"]
[Result "0-1"]
[WhiteElo "1674"]
[BlackElo "1971"]

1.d4 e6 2.Nf3 f5 3.Bf4 Nf6 4.e3 Be7 5.Bd3 b6 6.Nbd2 Bb7 7.O-O O-O 8.h3 Ne4
9.c3 Nxd2 10.Nxd2 d6 11.Qc2 d5 12.b4 Nd7 13.Nf3 Bf6 14.a4 a5 15.b5 g5 16.Bh2
Rf7 17.Qe2 Rg7 18.Ne5 Bxe5 19.Bxe5 Nxe5 20.dxe5 g4 21.hxg4 Rxg4 22.f3 Rg3
23.e4 dxe4 24.Qf2 Qg5 {#R} 0-1

[Event "ch-GER Women 2017"]
[Site "Bad Wiessee GER"]
[Date "2017.04.08"]
[Round "9.10"]
[White "Grund,Melanie"]
[Black "Henrichs,W"]
[Result "0-1"]
[WhiteElo "1804"]
[BlackElo "1973"]

1.d4 Nf6 2.Nf3 g6 3.e3 Bg7 4.Bd3 O-O 5.O-O d6 6.b3 c5 7.Bb2 Nc6 8.c4 Bg4
9.Nbd2 e5 10.d5 Nb4 11.Bb1 e4 12.Nxe4 Nxe4 13.Bxg7 Nxf2 14.Rxf2 Kxg7 15.Qd2
Qe7 16.a3 Na6 17.Bd3 Rae8 18.e4 Nb8 19.Raf1 Nd7 20.Ne1 Ne5 21.Bc2 Bd7 22.h3 b5
23.Nf3 bxc4 24.Nxe5 Qxe5 25.bxc4 Rb8 26.Qf4 Qxf4 27.Rxf4 Rb2 28.R1f2 Ra2
29.R4f3 a5 30.Kh2 h5 31.Bd1 Rxf2 32.Rxf2 Rb8 33.Ra2 Be8 34.Kg3 Kf6 35.Kf4 Rb1
36.Be2 Ba4 37.h4 Bb3 38.Rd2 a4 39.g4 {#R} 0-1

[Event "World Amateur U2300"]
[Site "Spoleto ITA"]
[Date "2017.04.08"]
[Round "9.5"]
[White "Gunbayar,M"]
[Black "Nannelli,P"]
[Result "1-0"]
[WhiteElo "2278"]
[BlackElo "2189"]
[EventType "swiss"]

1.e4 e6 2.d4 d5 3.Nd2 Nf6 4.e5 Nfd7 5.Bd3 c5 6.c3 Nc6 7.Ne2 cxd4 8.cxd4 f6
9.exf6 Qxf6 10.Nf3 h6 11.O-O Bd6 12.Be3 O-O 13.Ng3 Rd8 14.Rc1 Nf8 15.Bb1 Bd7
16.Qe2 Be8 17.Rfd1 a6 18.a3 Rac8 19.b4 Bg6 20.Ba2 Nd7 21.Rc3 Na7 22.Rxc8 Rxc8
23.Ne5 Nxe5 24.dxe5 Bxe5 25.Bxa7 Bxg3 26.Bd4 e5 27.Bxd5+ Kh7 28.Bc5 b6 29.Qxa6
Rxc5 30.bxc5 Bxf2+ 31.Kh1 Bxc5 32.Qa8 h5 33.g3 Qf5 34.Qg8+ Kh6 35.Qh8+ Bh7
36.Bg2 Bf2 37.Rd6+ g6 38.Qd8 Bd4 39.Rf6 Qd3 40.Qf8+ {#r} 1-0

[Event "World Amateur U2300"]
[Site "Spoleto ITA"]
[Date "2017.04.08"]
[Round "9.6"]
[White "Gutierrez,Re"]
[Black "Marmili,G"]
[Result "0-1"]
[WhiteElo "2282"]
[BlackElo "2190"]
[EventType "swiss"]

1.d4 d5 2.Bf4 c5 3.c3 Qb6 4.Qc1 cxd4 5.cxd4 Nc6 6.Nc3 Nf6 7.e3 Bf5 8.Bb5 e6
9.Nge2 Rc8 10.O-O Be7 11.f3 O-O 12.Qd2 a6 13.Bd3 Bxd3 14.Qxd3 Nh5 15.Bg3 Nxg3
16.hxg3 Qxb2 17.Rab1 Nb4 18.Rxb2 Nxd3 19.Rxb7 Bb4 20.Rd1 Bxc3 21.Rxd3 Ba5
22.Ra3 Rc2 23.Kf2 Bc7 24.Rxa6 Bxg3+ 25.Kxg3 Rxe2 26.Rb3 Rc8 27.Rc6 Ra8 28.Ra6
Rc8 29.Rc6 Ra8 30.Ra3 Rb8 31.Rb6 Rc8 32.Rc6 Rb8 33.Rc7 h5 34.Raa7 Rbb2 35.Rxf7
Rxa2 36.Kf4 h4 37.Rfc7 h3 38.Rc8+ Kh7 39.Rc1 h2 {#R} 0-1

[Event "World Amateur U2300"]
[Site "Spoleto ITA"]
[Date "2017.04.08"]
[Round "9.7"]
[White "Maddens,M"]
[Black "Bognar,C"]
[Result "1-0"]
[WhiteElo "2206"]
[BlackElo "2166"]
[EventType "swiss"]

1.e4 d6 2.d4 Nf6 3.Nc3 g6 4.f4 Bg7 5.Nf3 c5 6.Bb5+ Bd7 7.e5 Ng4 8.e6 Bxb5
9.exf7+ Kf8 10.Nxb5 Qa5+ 11.Nc3 cxd4 12.Nxd4 Bxd4 13.Qxd4 Nf6 14.Qc4 Nc6
15.Bd2 Qc5 16.Qe2 Nb4 17.O-O-O Rc8 18.Kb1 Qc4 19.Qf3 Nbd5 20.Rhe1 Kxf7 21.g4
Qc6 22.Qe2 e5 23.fxe5 Rhe8 24.Qf2 Rxe5 25.Rxe5 dxe5 26.g5 Qc5 27.Qxc5 Rxc5
28.gxf6 Kxf6 29.Rf1+ {#r} 1-0

[Event "World Amateur U2300"]
[Site "Spoleto ITA"]
[Date "2017.04.08"]
[Round "9.12"]
[White "Hurtado Bahamonde,R"]
[Black "Bigabylov"]
[Result "1-0"]
[WhiteElo "2133"]
[BlackElo "2186"]
[EventType "swiss"]

1.e4 c5 2.Nf3 Nc6 3.d4 cxd4 4.Nxd4 Nf6 5.Nc3 e5 6.Ndb5 d6 7.Bg5 a6 8.Na3 b5
9.Nd5 Qa5+ 10.Bd2 Qd8 11.Bg5 Be7 12.Bxf6 Bxf6 13.c4 O-O 14.cxb5 Nd4 15.b6 Bb7
16.Bc4 Rc8 17.O-O Bxd5 18.Bxd5 Qxb6 19.Nc4 Qb4 20.a3 Qb8 21.b4 Bg5 22.Kh1 Ne6
23.Qg4 {#r} 1-0

[Event "World Amateur U2300"]
[Site "Spoleto ITA"]
[Date "2017.04.08"]
[Round "9.13"]
[White "Isaakidis,Alexandros"]
[Black "Kanep,S"]
[Result "0-1"]
[WhiteElo "2042"]
[BlackElo "2173"]
[EventType "swiss"]

1.e4 c5 2.Nf3 d6 3.d4 cxd4 4.Nxd4 Nf6 5.Nc3 a6 6.h3 e6 7.g4 h6 8.Bg2 Nc6 9.Be3
Nd7 10.Qe2 Nde5 11.f4 Nxd4 12.Bxd4 Nc6 13.Be3 b5 14.O-O-O Bb7 15.Kb1 Qc7
16.Qf2 Rc8 17.Bb6 Qb8 18.Rhe1 Be7 19.Nd5 Bd8 20.Bxd8 Rxd8 21.Qh4 Rd7 22.Rd2
exd5 23.exd5+ Ne7 24.Rde2 Qc7 25.f5 f6 26.g5 O-O 27.gxh6 Nxf5 28.Qg4 Nxh6
29.Qg6 Rdf7 30.Bf3 Qc5 31.Qd3 Qc4 32.Qd2 Qh4 33.Re6 Bc8 34.Rxd6 Qg3 {#R} 0-1

[Event "World Amateur U2300"]
[Site "Spoleto ITA"]
[Date "2017.04.08"]
[Round "9.14"]
[White "Tolibayev,Timur"]
[Black "Grasso,Gae"]
[Result "1-0"]
[WhiteElo "2053"]
[BlackElo "2201"]
[EventType "swiss"]

1.Nf3 g6 2.d4 Bg7 3.e3 Nf6 4.Be2 O-O 5.O-O c5 6.b3 b6 7.Bb2 Bb7 8.c4 d6 9.Nbd2
Nbd7 10.Qc2 e6 11.Rac1 Qe7 12.Rfd1 Rfd8 13.Qb1 cxd4 14.Nxd4 e5 15.N4f3 e4
16.Nd4 Ne5 17.Nf1 Nfd7 18.b4 f5 19.Ng3 Nf6 20.Qa1 Rac8 21.Nb5 a6 22.Nxd6 Nf3+
23.Bxf3 Rxd6 24.Rxd6 Qxd6 25.Be2 Rf8 26.c5 bxc5 27.bxc5 Qc6 28.Bd4 h5 29.Rb1
Qd7 30.Rb6 Bc6 31.Bxa6 g5 32.Nxf5 Qxf5 33.Rxc6 Ng4 34.Bc4+ Kh7 35.Bxg7 {#r}
1-0

[Event "World Amateur U2300"]
[Site "Spoleto ITA"]
[Date "2017.04.08"]
[Round "9.15"]
[White "Karmov,M"]
[Black "Itgelt,Khuyagtsogt"]
[Result "1-0"]
[WhiteElo "2135"]
[BlackElo "2099"]
[EventType "swiss"]

1.d4 Nf6 2.c4 e6 3.g3 c5 4.d5 exd5 5.cxd5 d6 6.Nc3 g6 7.Bg2 Bg7 8.Nf3 O-O
9.O-O Re8 10.Nd2 a6 11.a4 Nbd7 12.h3 Rb8 13.Nc4 Ne5 14.Na3 Nh5 15.Kh2 Bd7
16.Ne4 Bf5 17.Nc3 Bd7 18.f4 b5 19.axb5 axb5 20.Ne4 b4 21.fxe5 bxa3 22.e6 fxe6
23.Rxa3 Be5 24.Ng5 Nf6 25.dxe6 Bxe6 26.Nxe6 Rxe6 27.Bd5 Nxd5 28.Qxd5 Qd7
29.Bh6 Re8 30.Ra7 Qd8 31.Raf7 {#r} 1-0

[Event "World Amateur U2300"]
[Site "Spoleto ITA"]
[Date "2017.04.08"]
[Round "9.20"]
[White "Fiori,H"]
[Black "Herrmann,Roman"]
[Result "1-0"]
[WhiteElo "2158"]
[BlackElo "2010"]
[EventType "swiss"]

1.e4 c6 2.d4 d5 3.Nd2 dxe4 4.Nxe4 Nd7 5.Bd3 Ngf6 6.Ng5 h6 7.Ne6 Qb6 8.Nxf8
Rxf8 9.Nf3 c5 10.O-O cxd4 11.Bc4 e6 12.Re1 Qc5 13.Qxd4 Qxd4 14.Nxd4 Nb6 15.Nb5
Nxc4 16.Nc7+ Kd7 17.Nxa8 Kc6 18.b3 Nd6 19.Ba3 Rd8 20.Rad1 Nfe8 21.Re3 b6
22.Rc3+ Kb7 23.Nc7 Nxc7 24.Rxd6 Rxd6 25.Bxd6 Nb5 26.Rd3 Nxd6 27.Rxd6 Kc7
28.Rd3 Bb7 29.c4 a6 30.f3 e5 31.Kf2 f5 32.g4 f4 33.h4 g6 34.b4 a5 35.bxa5 bxa5
36.Ra3 h5 37.gxh5 gxh5 38.Rxa5 {#r} 1-0